Finančná a ekonomická výkonnosť v kontexte malých a stredných podnikov
Saved in:
| Main Author: | |
|---|---|
| Other Authors: | , , , |
| Format: | Book |
| Language: | Slovak |
| Published: |
Košice
TypoPress - Tlačiareň
2017
|
| Edition: | 1. vyd. |
| Subjects: | |
| Tags: |
No Tags, Be the first to tag this record!
|
MARC
| LEADER | 00000nam a2200000 4500 | ||
|---|---|---|---|
| 001 | 0239416 | ||
| 005 | 20241031105909.2 | ||
| 020 | |a 978-80-8129-082-4 | ||
| 041 | 0 | |a slo | |
| 044 | |a SK | ||
| 245 | 1 | 0 | |a Finančná a ekonomická výkonnosť v kontexte malých a stredných podnikov |c Jozef Lukáč, Jakub Lukáč, Anna Rozkošová ; recenzenti: Zuzana Juhászová, Katarína Čulková |
| 250 | |a 1. vyd. | ||
| 264 | 1 | |a Košice |b TypoPress - Tlačiareň |c 2017 | |
| 300 | |a 210 s. [10,95 AH] | ||
| 610 | 2 | 0 | |a podnik malý |
| 610 | 2 | 0 | |a podnik stredný |
| 610 | 2 | 0 | |a podnikanie malé |
| 610 | 2 | 0 | |a podnikanie stredné |
| 610 | 2 | 0 | |a výkonnosť podniku |
| 610 | 2 | 0 | |a výkonnosť finančná |
| 610 | 2 | 0 | |a analýza finančná |
| 610 | 2 | 0 | |a ukazovatele finančné |
| 610 | 2 | 0 | |a likvidita |
| 610 | 2 | 0 | |a rentabilita |
| 610 | 2 | 0 | |a zadlženosť |
| 610 | 2 | 0 | |a súvaha |
| 610 | 2 | 0 | |a výkaz ziskov a strát |
| 610 | 2 | 0 | |a IFRS |
| 610 | 2 | 0 | |a Európska únia |
| 610 | 2 | 0 | |a analýza zhluková |
| 610 | 2 | 0 | |a štandardy účtovné medzinárodné |
| 610 | 2 | 0 | |a priemysel 4.0 |
| 100 | 1 | |a Lukáč, Jozef, 1991- | |
| 700 | 1 | |a Lukáč, Jakub, 1992- | |
| 700 | 1 | |a Rozkošová, Anna | |
| 700 | 1 | |a Juhászová, Zuzana, 1970- | |
| 700 | 1 | |a Čulková, Katarína | |